[Event "SVK-chT1W 2223"]
[Site "Slovakia"]
[Date "2023.02.04"]
[Round "8.2"]
[White "Ruckschloss, Karol"]
[Black "Bochnicka, Vladimir"]
[Result "0-1"]
[WhiteElo "2180"]
[BlackElo "2309"]
[PlyCount "82"]
[EventDate "2022.10.15"]
[EventType "team-tourn"]
[EventRounds "11"]
[EventCountry "SVK"]
[SourceTitle "EXT 2024"]
[Source "ChessBase"]
[SourceDate "2023.10.10"]
[SourceVersion "1"]
[SourceVersionDate "2023.10.10"]
[SourceQuality "1"]
[WhiteTeam "Bratislava Slovan III"]
[BlackTeam "Bratislava KSN"]
[WhiteTeamCountry "SVK"]
[BlackTeamCountry "SVK"]

1. c4 e5 2. Nc3 Bb4 3. g3 Bxc3 4. bxc3 d6 5. Bg2 Nc6 6. Rb1 Nge7 7. d3 0-0 8. e3 Rb8 9. Ne2 Be6 10. Qa4 Qd7 11. h3 d5 12. cxd5 Nxd5 13. Ba3 Rfd8 14. Rd1 b5 15. Qh4 b4 16. Bb2 Nce7 17. c4 Ng6 18. Qe4 Nf6 19. Qc6 Qxc6 20. Bxc6 Rd6 21. Ba4 e4 22. c5 Rxd3 23. Rxd3 exd3 24. Nc1 Rd8 25. Bd4 Bc4 26. f3 Nf8 27. Bb3 Bb5 28. Rh2 a5 29. Rb2 Ne6 30. Bxe6 fxe6 31. a3 Nd5 32. Kd2 Bc4 33. axb4 Nxb4 34. Kc3 Ba6 35. Nb3 Nc6 36. f4 Rb8 37. Ra2 Bb5 38. Nc1 Ra8 39. Ra3 Nb4 40. e4 Nc2 41. Ra2 Rd8 0-1

[Event "SVK-chT1W 2223"]
[Site "Slovakia"]
[Date "2022.12.04"]
[Round "6.1"]
[White "Bochnicka, Vladimir"]
[Black "Chovan, Milan"]
[Result "0-1"]
[WhiteElo "2367"]
[BlackElo "2346"]
[PlyCount "58"]
[EventDate "2022.10.15"]
[EventType "team-tourn"]
[EventRounds "11"]
[EventCountry "SVK"]
[SourceTitle "EXT 2024"]
[Source "ChessBase"]
[SourceDate "2023.10.10"]
[SourceVersion "1"]
[SourceVersionDate "2023.10.10"]
[SourceQuality "1"]
[WhiteTeam "Bratislava KSN"]
[BlackTeam "Nitra NSK"]
[WhiteTeamCountry "SVK"]
[BlackTeamCountry "SVK"]

1. e4 e5 2. Nf3 Nc6 3. Bc4 Nf6 4. d3 Be7 5. 0-0 0-0 6. Re1 d6 7. a4 Na5 8. Ba2 c5 9. c3 Nc6 10. Na3 Be6 11. Bxe6 fxe6 12. Bd2 a6 13. Qb3 d5 14. h3 c4 15. Qa2 cxd3 16. exd5 Nxd5 17. Nc4 Rxf3 18. gxf3 Bg5 19. b4 Bf4 20. Re4 Qg5+ 21. Kh1 Qh5 22. Kg2 Rf8 23. Rh1 Rf6 24. Bxf4 Rxf4 25. Nd2 Rxe4 26. b5 Re1 27. Rxe1 Nf4+ 28. Kg1 Qg5+ 29. Kf1 Qg2# 0-1

[Event "SVK-chT1W 2223"]
[Site "Slovakia"]
[Date "2022.10.15"]
[Round "1.1"]
[White "Bochnicka, Vladimir"]
[Black "Zpevak, Pavel"]
[Result "1/2-1/2"]
[WhiteElo "2350"]
[BlackElo "2333"]
[PlyCount "66"]
[EventDate "2022.10.15"]
[EventType "team-tourn"]
[EventRounds "11"]
[EventCountry "SVK"]
[SourceTitle "EXT 2024"]
[Source "ChessBase"]
[SourceDate "2023.10.10"]
[SourceVersion "1"]
[SourceVersionDate "2023.10.10"]
[SourceQuality "1"]
[WhiteTeam "Bratislava KSN"]
[BlackTeam "Dubnica nad Vahom II"]
[WhiteTeamCountry "SVK"]
[BlackTeamCountry "SVK"]

1. e4 c5 2. Nf3 e6 3. g3 Nc6 4. Bg2 Nf6 5. Qe2 d6 6. 0-0 Be7 7. d3 0-0 8. c3 e5 9. h3 Re8 10. a4 Bf8 11. Na3 b6 12. Nc2 Bb7 13. c4 g6 14. Rb1 Rb8 15. Be3 Bg7 16. Qd2 Qd7 17. Nh2 Nd4 18. Nxd4 cxd4 19. Bg5 Nh5 20. g4 Nf6 21. f4 h6 22. Bxf6 Bxf6 23. g5 Bg7 24. gxh6 Bxh6 25. Ng4 Bg7 26. f5 gxf5 27. Rxf5 Re6 28. Rbf1 Rg6 29. Qf2 Rf8 30. Qh4 Bc8 31. Kh2 Qe8 32. Bh1 Qxa4 33. R1f2 Qd1 1/2-1/2

[Event "Skalica Masters op"]
[Site "Skalica"]
[Date "2020.08.29"]
[Round "8"]
[White "Krupa, Miroslav"]
[Black "Bochnicka, Vladimir"]
[Result "1/2-1/2"]
[WhiteElo "2057"]
[BlackElo "2151"]
[PlyCount "89"]
[EventDate "2020.08.23"]
[EventType "swiss"]
[EventRounds "9"]
[EventCountry "SVK"]
[SourceTitle "CBM 198 Extra"]
[Source "ChessBase"]
[SourceDate "2020.11.30"]
[SourceVersion "1"]
[SourceVersionDate "2020.11.30"]
[SourceQuality "1"]

1. e4 c5 2. Nf3 Nc6 3. d4 cxd4 4. Nxd4 e5 5. Nb5 d6 6. c4 Be7 7. N1c3 a6 8. Na3 Be6 9. Nc2 Rc8 10. b3 Nf6 11. Bd3 0-0 12. 0-0 Nd7 13. Nd5 Nc5 14. Nce3 Bg5 15. a3 Nd4 16. Rb1 Bd7 17. Nc3 b5 18. b4 Nxd3 19. Qxd3 Be6 20. Rd1 bxc4 21. Qf1 Kh8 22. Ned5 Bxd5 23. exd5 f5 24. Bxg5 Qxg5 25. Rbc1 Rf6 26. Ne2 Nxe2+ 27. Qxe2 Rg6 28. g3 Qg4 29. Qxg4 Rxg4 30. f3 Rd4 31. Kf2 g5 32. Ke2 Kg7 33. a4 Rd3 34. Rxd3 cxd3+ 35. Kd2 Rb8 36. Rc4 Kf6 37. Kxd3 h5 38. Kc3 g4 39. fxg4 hxg4 40. Rc6 f4 41. Rxd6+ Kf5 42. gxf4 exf4 43. Rd7 f3 44. Re7 Rf8 45. Kd3 1/2-1/2

[Event "Drienica Saris op"]
[Site "Drienica"]
[Date "2020.08.15"]
[Round "9"]
[White "Bochnicka, Vladimir"]
[Black "Bures, Jaroslav"]
[Result "1-0"]
[WhiteElo "2151"]
[BlackElo "2396"]
[PlyCount "27"]
[EventDate "2020.08.07"]
[EventType "swiss"]
[EventRounds "9"]
[EventCountry "SVK"]
[SourceTitle "CBM 197 Extra"]
[Source "ChessBase"]
[SourceDate "2020.09.30"]
[SourceVersion "1"]
[SourceVersionDate "2020.09.30"]
[SourceQuality "1"]

1. d4 Nf6 2. Nf3 c5 3. c3 b6 4. Bf4 Bb7 5. e3 d6 6. Nbd2 Nbd7 7. Be2 Nh5 8. Bg3 g6 9. Bd3 Bg7 10. Qe2 0-0 11. 0-0-0 e5 12. dxe5 d5 13. Bh4 f6 14. e6 1-0

[Event "Drienica Saris op"]
[Site "Drienica"]
[Date "2020.08.14"]
[Round "8"]
[White "Bochnicka, Vladimir"]
[Black "Manik, Mikulas"]
[Result "0-1"]
[WhiteElo "2151"]
[BlackElo "2366"]
[PlyCount "128"]
[EventDate "2020.08.07"]
[EventType "swiss"]
[EventRounds "9"]
[EventCountry "SVK"]
[SourceTitle "CBM 197 Extra"]
[Source "ChessBase"]
[SourceDate "2020.09.30"]
[SourceVersion "1"]
[SourceVersionDate "2020.09.30"]
[SourceQuality "1"]

1. d4 Nf6 2. c4 g6 3. Nc3 Bg7 4. e4 d6 5. h3 0-0 6. Be3 e5 7. d5 a5 8. g4 Na6 9. Qd2 h5 10. f3 Nh7 11. 0-0-0 h4 12. Nge2 g5 13. Nb5 b6 14. Nec3 f6 15. b3 Rf7 16. a3 Bd7 17. Be2 Nf8 18. Kc2 Ng6 19. Ra1 Nf4 20. Bxf4 exf4 21. Nd4 Qe7 22. Bd3 Qe5 23. Nce2 Nc5 24. Rhb1 a4 25. b4 Nb3 26. Nxb3 axb3+ 27. Kxb3 Ba4+ 28. Ka2 Ra7 29. Bc2 Bd7 30. b5 Rf8 31. Kb3 Rfa8 32. a4 Kh8 33. Nd4 f5 34. Nxf5 Bf6 35. Ra2 Ra5 36. Kb4 R8a7 37. Rd1 Qe8 38. Nd4 Ra8 39. Qd3 Qe5 40. Nf5 Rf8 41. Nd4 Rfa8 42. Nb3 R5a7 43. Qd2 Kg8 44. Nc1 Ra5 45. Ra3 Qb2+ 46. Bb3 Bc3+ 47. Qxc3 Rxa4+ 48. Rxa4 Rxa4+ 49. Kxa4 Qxc3 50. Ka3 Qxf3 51. e5 Qxh3 52. exd6 cxd6 53. Nd3 Qxg4 54. c5 bxc5 55. b6 Bc8 56. Nxc5 f3 57. b7 Bxb7 58. Nxb7 f2 59. Rc1 Qg1 60. Rc8+ Kg7 61. Rc7+ Kh6 62. Bc2 Qc1+ 63. Ka2 Qxc2+ 64. Rxc2 f1Q 0-1

[Event "Drienica Saris op"]
[Site "Drienica"]
[Date "2020.08.12"]
[Round "6"]
[White "Bochnicka, Vladimir"]
[Black "Durica, Daniel"]
[Result "1-0"]
[WhiteElo "2151"]
[BlackElo "1937"]
[PlyCount "61"]
[EventDate "2020.08.07"]
[EventType "swiss"]
[EventRounds "9"]
[EventCountry "SVK"]
[SourceTitle "CBM 197 Extra"]
[Source "ChessBase"]
[SourceDate "2020.09.30"]
[SourceVersion "1"]
[SourceVersionDate "2020.09.30"]
[SourceQuality "1"]

1. e4 g6 2. d4 Bg7 3. Bc4 c6 4. Bb3 d6 5. Nf3 Nf6 6. Qe2 0-0 7. 0-0 a5 8. a4 b6 9. Rd1 Ba6 10. Qe1 Qc7 11. e5 Nd5 12. Bg5 h6 13. Bh4 Kh7 14. Bg3 f5 15. exf6 Nxf6 16. c3 Nh5 17. Nh4 Nxg3 18. hxg3 Nd7 19. Nxg6 Rf6 20. Nxe7 Nf8 21. Qe4+ Kh8 22. Re1 d5 23. Nxd5 Qf7 24. Nxf6 Qxb3 25. Nh5 Qxb2 26. Nxg7 Qxa1 27. Nh5 Ra7 28. Qf5 Kg8 29. Re8 Rf7 30. Qg6+ Kh8 31. Rxf8+ 1-0

[Event "SVK-ch Amateur"]
[Site "Topolcany"]
[Date "2020.07.12"]
[Round "4"]
[White "Bochnicka, Vladimir"]
[Black "Matis, Tibor"]
[Result "1/2-1/2"]
[WhiteElo "2123"]
[BlackElo "1942"]
[PlyCount "89"]
[EventDate "2020.07.10"]
[EventType "swiss"]
[EventRounds "7"]
[EventCountry "SVK"]
[SourceTitle "EXT 2021"]
[Source "ChessBase"]
[SourceDate "2020.10.23"]
[SourceVersion "1"]
[SourceVersionDate "2020.10.23"]
[SourceQuality "1"]

1. e4 c5 2. Nf3 Nc6 3. d4 cxd4 4. Nxd4 e5 5. Nb5 d6 6. N1c3 a6 7. Na3 b5 8. Nd5 Nf6 9. Bg5 Be7 10. Bxf6 Bxf6 11. c3 0-0 12. Nc2 Bg5 13. a4 Rb8 14. axb5 axb5 15. Be2 Be6 16. Nce3 Bxe3 17. Nxe3 b4 18. 0-0 bxc3 19. bxc3 Ne7 20. Bc4 Bxc4 21. Nxc4 Qc7 22. Ne3 Qxc3 23. Qxd6 Ng6 24. g3 Rfd8 25. Rac1 Rxd6 26. Rxc3 Rd4 27. Rc4 Rxc4 28. Nxc4 Rc8 29. Nb6 Rc6 30. Nd5 Rc4 31. Rb1 f6 32. Rb4 Rxb4 33. Nxb4 Kf7 34. Kf1 Ke6 35. Ke2 Nf8 36. Ke3 Nd7 37. Nd5 Nc5 38. f3 Kd6 39. f4 Ke6 40. f5+ Kd6 41. g4 h6 42. Nc3 Ke7 43. Ne2 Kd6 44. Ng3 Ke7 45. Ne2 1/2-1/2

[Event "SVK-chT1W 1920"]
[Site "Slovakia"]
[Date "2019.12.07"]
[Round "5.4"]
[White "Bochnicka, Vladimir"]
[Black "Dujava, Daniel"]
[Result "1/2-1/2"]
[WhiteElo "1964"]
[BlackElo "2118"]
[PlyCount "59"]
[EventDate "2019.10.12"]
[EventType "team-tourn"]
[EventRounds "11"]
[EventCountry "SVK"]
[SourceTitle "CBM 193 Extra"]
[Source "ChessBase"]
[SourceDate "2020.01.31"]
[SourceVersion "1"]
[SourceVersionDate "2020.01.31"]
[SourceQuality "1"]
[WhiteTeam "Bratislava Doprastav"]
[BlackTeam "Bratislava Lokomotiva"]
[WhiteTeamCountry "SVK"]
[BlackTeamCountry "SVK"]

1. e4 c5 2. Nf3 e6 3. d4 cxd4 4. Nxd4 Nf6 5. Bd3 Nc6 6. Be3 d5 7. Nxc6 bxc6 8. e5 Nd7 9. f4 Bc5 10. Bxc5 Nxc5 11. b3 Qb6 12. Qd2 0-0 13. Nc3 f6 14. exf6 Rxf6 15. g3 Nxd3+ 16. Qxd3 e5 17. 0-0-0 Ba6 18. Nxd5 Bxd3 19. Nxb6 axb6 20. fxe5 Re6 21. Rxd3 Rxa2 22. Rhd1 Kf7 23. Rf1+ Kg6 24. Kb1 Ra7 25. Rfd1 Rae7 26. Rd7 Kf7 27. R1d6 Rxd7 28. Rxd7+ Re7 29. Rd6 Re6 30. Kb2 1/2-1/2

[Event "SVK-chT1W 1819"]
[Site "Slovakia"]
[Date "2019.02.24"]
[Round "9.6"]
[White "Lancz, Ondrej"]
[Black "Bochnicka, Vladimir"]
[Result "1/2-1/2"]
[WhiteElo "2053"]
[BlackElo "2149"]
[PlyCount "74"]
[EventDate "2018.10.27"]
[EventType "team-tourn"]
[EventRounds "11"]
[EventCountry "SVK"]
[SourceTitle "CBM 189 Extra"]
[Source "ChessBase"]
[SourceDate "2019.05.31"]
[SourceVersion "1"]
[SourceVersionDate "2019.05.31"]
[SourceQuality "1"]
[WhiteTeam "Sala Slovan Duslo"]
[BlackTeam "Bratislava KSN"]
[WhiteTeamCountry "SVK"]
[BlackTeamCountry "SVK"]

1. d4 Nf6 2. c4 g6 3. Nc3 Bg7 4. e4 d6 5. Nf3 0-0 6. Be2 e5 7. d5 a5 8. Bg5 h6 9. Bh4 Na6 10. 0-0 Nc5 11. Nd2 b6 12. b3 g5 13. Bg3 Nh7 14. f3 f5 15. a3 f4 16. Bf2 h5 17. b4 Nb7 18. c5 axb4 19. axb4 Rxa1 20. Qxa1 bxc5 21. bxc5 g4 22. c6 Nc5 23. Bxc5 dxc5 24. Rd1 g3 25. Nf1 Qh4 26. Bc4 Kh8 27. d6 cxd6 28. Rxd6 Ng5 29. Nd5 Nf7 30. hxg3 fxg3 31. Rg6 Ng5 32. Qa7 Rf7 33. Qb8 Rxf3 34. gxf3 Nxf3+ 35. Kg2 Ne1+ 36. Kg1 Nf3+ 37. Kg2 Ne1+ 1/2-1/2

[Event "SVK-chT1W 1819"]
[Site "Slovakia"]
[Date "2018.11.24"]
[Round "3.5"]
[White "Bochnicka, Vladimir"]
[Black "Krupa, Miroslav"]
[Result "1-0"]
[WhiteElo "2106"]
[BlackElo "1904"]
[PlyCount "77"]
[EventDate "2018.10.27"]
[EventType "team-tourn"]
[EventRounds "11"]
[EventCountry "SVK"]
[SourceTitle "CBM 187 Extra"]
[Source "ChessBase"]
[SourceDate "2018.11.04"]
[SourceVersion "1"]
[SourceVersionDate "2018.11.04"]
[SourceQuality "1"]
[WhiteTeam "Bratislava KSN"]
[BlackTeam "Nitra NSK"]
[WhiteTeamCountry "SVK"]
[BlackTeamCountry "SVK"]

1. e4 c5 2. Nf3 d6 3. d4 cxd4 4. Nxd4 Nf6 5. Nc3 a6 6. Bg5 e6 7. f4 Nbd7 8. Qe2 Be7 9. 0-0-0 Qc7 10. g4 b5 11. Bg2 Bb7 12. a3 Rc8 13. Kb1 Nb6 14. f5 e5 15. Bxf6 gxf6 16. Nb3 Nc4 17. Rd3 Qb6 18. Nd2 Qa5 19. Nxc4 Rxc4 20. Nd5 Bxd5 21. Rxd5 Qb6 22. c3 h6 23. Rhd1 Rg8 24. h3 Rc6 25. Bf1 Kd7 26. Qd2 Bf8 27. Bd3 Kc7 28. Bc2 Rc4 29. Qe2 Be7 30. Bb3 Rc6 31. Qd2 Bf8 32. Rd3 Kd7 33. Bxf7 Rh8 34. Rf3 Ke7 35. Qd5 Bg7 36. Qe6+ Kd8 37. Rfd3 Kc7 38. Be8 Kb8 39. Bxc6 1-0

[Event "Tatry op"]
[Site "Tatranske Zruby"]
[Date "2018.10.05"]
[Round "7"]
[White "Bochnicka, Vladimir"]
[Black "Macko, Michal"]
[Result "1/2-1/2"]
[WhiteElo "2072"]
[BlackElo "2187"]
[PlyCount "57"]
[EventDate "2018.09.30"]
[EventType "swiss"]
[EventRounds "9"]
[EventCountry "SVK"]
[SourceTitle "CBM 186 Extra"]
[Source "ChessBase"]
[SourceDate "2018.08.24"]
[SourceVersion "1"]
[SourceVersionDate "2018.08.24"]
[SourceQuality "1"]

1. e4 g6 2. d4 Bg7 3. Nf3 d6 4. Be2 Nf6 5. Nc3 c6 6. a4 0-0 7. 0-0 Nfd7 8. Be3 c5 9. Qd2 cxd4 10. Nxd4 Nc6 11. Rad1 Nde5 12. h3 Nxd4 13. Bxd4 Be6 14. f4 Nc6 15. Be3 Na5 16. Nd5 Bxd5 17. Qxd5 Bxb2 18. f5 Bg7 19. fxg6 hxg6 20. Bg4 e6 21. Qb5 Qc7 22. Kh1 b6 23. h4 Nc4 24. Bc1 Ne5 25. Be2 Qxc2 26. Rxd6 a6 27. Qb2 Qxe4 28. Rf4 Qb7 29. Qxb6 1/2-1/2

[Event "Tatry op"]
[Site "Tatranske Zruby"]
[Date "2018.10.03"]
[Round "5"]
[White "Bochnicka, Vladimir"]
[Black "Weis, Dusan1"]
[Result "1-0"]
[WhiteElo "2072"]
[BlackElo "1804"]
[PlyCount "65"]
[EventDate "2018.09.30"]
[EventType "swiss"]
[EventRounds "9"]
[EventCountry "SVK"]
[SourceTitle "CBM 186 Extra"]
[Source "ChessBase"]
[SourceDate "2018.08.24"]
[SourceVersion "1"]
[SourceVersionDate "2018.08.24"]
[SourceQuality "1"]

1. e4 e5 2. Nf3 Nc6 3. Bc4 Bc5 4. c3 Nf6 5. d3 h6 6. Nbd2 d6 7. Nf1 Be6 8. Bb3 Bxb3 9. Qxb3 Bb6 10. Ng3 Ne7 11. 0-0 0-0 12. Re1 Ng4 13. Re2 Kh8 14. h3 Nf6 15. Re1 Nh7 16. d4 f5 17. dxe5 fxe4 18. Nxe4 d5 19. Ng3 Nf5 20. Nxf5 Rxf5 21. Be3 Bxe3 22. Rxe3 Ng5 23. Nh4 Rf7 24. Ng6+ Kh7 25. e6 Rf6 26. e7 Qe8 27. Nf8+ Kh8 28. Qxd5 c6 29. Qd3 Rxf8 30. exf8Q+ Qxf8 31. Rae1 Qf7 32. Re7 Qf8 33. Qg6 1-0

[Event "SVK-chT1W 1718"]
[Site "Slovakia"]
[Date "2017.11.05"]
[Round "4.8"]
[White "Bochnicka, Vladimir"]
[Black "Kosar, Mikulas"]
[Result "0-1"]
[WhiteElo "1921"]
[BlackElo "1832"]
[PlyCount "84"]
[EventDate "2017.10.21"]
[EventType "team-tourn"]
[EventRounds "11"]
[EventCountry "SVK"]
[SourceTitle "CBM 181 Extra"]
[Source "ChessBase"]
[SourceDate "2017.12.12"]
[SourceVersion "1"]
[SourceVersionDate "2017.12.12"]
[SourceQuality "1"]
[WhiteTeam "Bratislava KSN"]
[BlackTeam "Gabcikovo Russel"]
[WhiteTeamCountry "SVK"]
[BlackTeamCountry "SVK"]

1. e4 c5 2. Nf3 Nc6 3. d4 cxd4 4. Nxd4 e5 5. Nb5 a6 6. Nd6+ Bxd6 7. Qxd6 Qf6 8. Qc7 Nge7 9. Nc3 0-0 10. Bd3 Nb4 11. 0-0 Nxd3 12. cxd3 d6 13. Be3 b5 14. a4 b4 15. Na2 a5 16. Bb6 Ba6 17. Bxa5 Rfc8 18. Qb6 Bxd3 19. Rfd1 Bxe4 20. f3 Nd5 21. Qb5 Rc2 22. Nxb4 Rxg2+ 23. Kh1 Rxh2+ 24. Kxh2 Qh4+ 25. Kg1 Qg3+ 26. Kf1 Ne3+ 27. Ke2 Qxf3+ 28. Kd2 Qf2+ 29. Kc3 Nxd1+ 30. Rxd1 Rc8+ 31. Bc7 Qe3+ 32. Rd3 Bxd3 33. Nxd3 Rxc7+ 34. Kb3 Rc8 35. Ka2 h5 36. a5 Qd4 37. b3 e4 38. Nb4 e3 39. Nd5 Rc2+ 40. Ka3 Rc5 41. Ne7+ Kh7 42. Qa6 e2 0-1

[Event "Banska Stiavnica V4 op"]
[Site "Banska Stiavnica"]
[Date "2016.07.08"]
[Round "7"]
[White "Zvarik, Martin"]
[Black "Bochnicka, Vladimir"]
[Result "1-0"]
[WhiteElo "2319"]
[BlackElo "1885"]
[PlyCount "55"]
[EventDate "2016.07.02"]
[EventType "swiss"]
[EventRounds "9"]
[EventCountry "SVK"]
[SourceTitle "CBM 173 Extra"]
[Source "ChessBase"]
[SourceDate "2016.08.29"]
[SourceVersion "1"]
[SourceVersionDate "2016.08.29"]
[SourceQuality "1"]

1. e4 c5 2. Nc3 Nc6 3. f4 e6 4. d3 g6 5. Nf3 Bg7 6. Be2 Nge7 7. 0-0 0-0 8. Qe1 a6 9. a4 Qc7 10. Bd1 d5 11. Qh4 Rd8 12. Ne2 b6 13. Ng3 f5 14. c3 dxe4 15. dxe4 fxe4 16. Ng5 h6 17. N5xe4 Nf5 18. Qh3 e5 19. Bg4 Nxg3 20. Qxg3 Bxg4 21. Qxg4 Kh7 22. f5 Qf7 23. f6 Bf8 24. Qh4 Qb3 25. Bxh6 Bxh6 26. Ng5+ Kg8 27. Qxh6 Rd7 28. f7+ 1-0

[Event "Banska Stiavnica V4 op"]
[Site "Banska Stiavnica"]
[Date "2016.07.02"]
[Round "1"]
[White "Teglas, Balazs"]
[Black "Bochnicka, Vladimir"]
[Result "1-0"]
[WhiteElo "2203"]
[BlackElo "1885"]
[PlyCount "51"]
[EventDate "2016.07.02"]
[EventType "swiss"]
[EventRounds "9"]
[EventCountry "SVK"]
[SourceTitle "CBM 173 Extra"]
[Source "ChessBase"]
[SourceDate "2016.08.29"]
[SourceVersion "1"]
[SourceVersionDate "2016.08.29"]
[SourceQuality "1"]

1. d4 d5 2. Bf4 Nf6 3. e3 c5 4. Nf3 Nc6 5. Nc3 a6 6. dxc5 e6 7. Na4 Qa5+ 8. c3 Bd7 9. Nb6 Ra7 10. b4 Qa3 11. Qc1 Qxc1+ 12. Rxc1 Be7 13. Bd3 Nh5 14. Bc7 Bd8 15. Bxd8 Kxd8 16. 0-0 Ke7 17. Rfd1 Nf6 18. a3 Ng4 19. c4 dxc4 20. Rxc4 Nce5 21. Rxg4 Nxg4 22. Nxd7 Rd8 23. Nb6 e5 24. Be2 Rxd1+ 25. Bxd1 a5 26. Nc8+ 1-0

[Event "SVK-ch op"]
[Site "Banska Stiavnica"]
[Date "2015.07.11"]
[Round "8"]
[White "Ferkova, Dominika"]
[Black "Bochnicka, Vladimir"]
[Result "1-0"]
[WhiteElo "1848"]
[BlackElo "1674"]
[PlyCount "133"]
[EventDate "2015.07.04"]
[EventType "swiss"]
[EventRounds "9"]
[EventCountry "SVK"]
[SourceTitle "CBM 167 Extra"]
[Source "ChessBase"]
[SourceDate "2015.09.14"]
[SourceVersion "1"]
[SourceVersionDate "2015.09.14"]
[SourceQuality "1"]

1. d4 d5 2. c4 e6 3. Nc3 Nf6 4. Nf3 Be7 5. Bg5 0-0 6. e3 a6 7. c5 b6 8. b4 a5 9. a3 bxc5 10. bxc5 c6 11. Bd3 Ba6 12. 0-0 Nbd7 13. h3 Ne4 14. Bxe7 Qxe7 15. Nxe4 dxe4 16. Bxa6 Rxa6 17. Nd2 f5 18. Qc2 Raa8 19. f3 exf3 20. Rxf3 e5 21. Nc4 exd4 22. exd4 g6 23. Kh1 Nf6 24. Qd2 Ne4 25. Qe1 Qg5 26. Nxa5 Rfe8 27. Nxc6 Nd2 28. Qg3 Nxf3 29. Qxf3 Qe3 30. Qd5+ Qe6 31. Qxe6+ Rxe6 32. d5 Re3 33. d6 Rd3 34. Nb4 Rd2 35. Rc1 Rxa3 36. c6 Ra8 37. d7 Kf8 38. c7 Rxd7 39. c8Q+ Rxc8 40. Rxc8+ Kf7 41. Na6 Kf6 42. Rc7 Rxc7 43. Nxc7 Ke5 44. Kg1 Ke4 45. Kf2 g5 46. Ne6 h6 47. Nd8 h5 48. Ne6 g4 49. h4 f4 50. Ng7 f3 51. g3 Ke5 52. Nxh5 Kf5 53. Nf4 Kf6 54. Nd3 Kg6 55. Ne1 Kf5 56. Nxf3 gxf3 57. Kxf3 Kg6 58. g4 Kh6 59. Kf4 Kg6 60. g5 Kg7 61. Kf5 Kh7 62. h5 Kg7 63. g6 Kg8 64. Kf6 Kh8 65. g7+ Kg8 66. h6 Kh7 67. Kf7 1-0